[Event "II Duchamp Open 2018"]
[Site "Rio de Janeiro"]
[Date "2018.11.19"]
[Round "7"]
[White "Brito, Luismar"]
[Black "Dos Santos, Vitor Eduardo Mello"]
[Result "1-0"]
[WhiteElo "2349"]
[BlackElo "2054"]
[Annotator "TA"]
[PlyCount "36"]
[EventDate "2018.11.14"]
[EventType "swiss"]
[EventCountry "BRA"]
[SourceTitle "playchess.com"]
[Source "ChessBase"]
[SourceQuality "1"]

{[%evp 9,36,-44,-35,-50,-50,-94,-86,-86,20,15,12,0,31,24,50,42,49,45,56,48,52,18,27,17,473,468,1228,0,35]} 1. Nc3 Nf6 2. Nf3 d5 3. d4 e6 4. Bg5 Be7 5. Qd3 (5. Bxf6 Bxf6 6. e4 c6 7. Bd3 O-O 8. O-O Nd7 9. e5 Be7 10. Ne2 f5 11. exf6 Bxf6 12. Nf4 Re8 13. Re1 Nf8 14. c4 {½-½ (53) Zakaryan,D (2420)-Khanin,S (2458) Taganrog 2018}) 5... Nbd7 {LiveBook: 3 Games} 6. h3 {D03: 1 d4 d5 2 Nf3 Nf6 3 Bg5, including Torre Attack with early ...d5} a6 $146 ({Predecessor:} 6... c5 7. e3 c4 8. Qe2 Nb6 9. a4 O-O 10. Ne5 Nbd7 11. f4 Ne8 12. Bxe7 Qxe7 {0-1 (45) Svensson,P-Christensen,S (1775) Helsingor 2009}) 7. g3 b5 8. a3 {Black is better.} b4 (8... c5 $17) 9. axb4 $11 Bxb4 10. Ne5 Bb7 {Hoping for ...Nxe5.} 11. Bg2 $36 {[%mdl 2048] White fights for an advantage.} Be7 12. O-O Nxe5 13. dxe5 Nd7 14. Bxe7 $1 Qxe7 15. f4 (15. e4 $5 {[%cal Re4d5]}) 15... O-O 16. Na4 Nc5 $2 {[%mdl 8192] [#]} (16... a5 $11 {and Black is okay.}) 17. Qa3 $1 $18 Nd7 (17... Bc6 $142 18. Nxc5 Bb5) 18. Qd3 $2 (18. Qxe7 $18 Bc6 {[#]} 19. e4 $1 {[%mdl 512]}) 18... c5 {Accuracy: White = 34%, Black = 13%.} 1-0

[Event "II Duchamp Open 2018"]
[Site "Rio de Janeiro"]
[Date "2018.11.19"]
[Round "7"]
[White "Larrea, Manuel"]
[Black "Souza, Wellington"]
[Result "1-0"]
[WhiteElo "2271"]
[BlackElo "2120"]
[Annotator "TA"]
[PlyCount "103"]
[EventDate "2018.11.14"]
[EventType "swiss"]
[EventCountry "BRA"]
[SourceTitle "playchess.com"]
[Source "ChessBase"]
[SourceQuality "1"]

{[%evp 25,103,71,90,104,88,92,116,114,182,186,462,456,441,449,416,313,333,250,246,235,256,185,190,164,164,162,167,155,165,120,150,120,144,151,190,180,256,269,239,248,533,512,588,347,582,583,424,575,570,552,566,552,692,678,668,647,572,406,1143,406,397,368,361,354,29974,29975,29969,29971,29978,29979,29979,29980,29981,29982,29984,29984,29985,29986,29986,29987]} 1. e4 c5 2. Nf3 d6 3. d4 cxd4 4. Nxd4 Nf6 5. Nc3 g6 6. Be3 Bg7 7. f3 Nc6 8. Qd2 O-O 9. Bc4 Bd7 10. Bb3 Rc8 11. O-O-O Na5 12. Kb1 Nxb3 13. cxb3 Re8 14. g4 {B78: Sicilian Dragon: Yugoslav Attack, 9 Bc4 Bd7 10 0-0-0 Rc8} Qa5 15. Bh6 Bh8 16. h4 {[%cal Bh2h4,Bh4h5][%mdl 32] White is better.} Rc5 (16... b5 $16) 17. h5 $18 Nxg4 $146 (17... b5 18. a3 b4) ({Predecessor:} 17... b5 18. hxg6 fxg6 19. Qh2 b4 20. Nd5 Nxd5 21. exd5 Rxd5 {½-½ (80) Schoene,M (2198)-Becker,M (2308) Germany 2008}) 18. fxg4 Bxg4 {[#]} 19. hxg6 $1 {[%mdl 512]} hxg6 (19... fxg6 20. Rdg1) 20. Rdg1 Rh5 21. Rxh5 Qxh5 22. Be3 a6 23. Qg2 {[#] Black must now prevent Rh1.} Qh3 24. Qxh3 Bxh3 25. Kc2 Bd7 26. Kd3 e6 27. b4 b5 28. b3 Bg7 29. a4 e5 30. Nde2 Be6 (30... Bc6 $142 31. Kd2 Ra8) 31. axb5 axb5 32. Nxb5 Bxb3 $2 (32... Rb8 {is a better defense.}) 33. Rb1 Ba2 34. Ra1 Be6 $2 (34... Bb3 {keeps fighting.} 35. Nxd6 Rd8) 35. Nc7 Rb8 36. Nxe6 fxe6 37. Rb1 d5 38. b5 {[%cal Bb4b5,Bb5b6][%mdl 32]} d4 39. Bd2 Bf8 40. b6 Kf7 41. b7 Ke8 (41... Bd6 $142 42. Ng1 Ke8) 42. Ba5 (42. Nxd4 $142 Kd7 43. Nb3) 42... Kd7 43. Kc4 Bd6 44. Nc1 Bc7 $2 (44... Kc6 $18 45. Rb6+ Kc7 46. Rb5+ Kc6) 45. Bxc7 {White mates.} Kxc7 46. Nd3 Rxb7 47. Rxb7+ Kxb7 48. Nxe5 Kc7 49. Nxg6 Kc6 50. Kxd4 {KN-KP} Kd6 51. e5+ Kd7 52. Kc5 {Precision: White = 74%, Black = 16%.} 1-0

[Event "II Duchamp Open 2018"]
[Site "Rio de Janeiro"]
[Date "2018.11.19"]
[Round "7"]
[White "Rocha, Vitor Firmo De Souz"]
[Black "Campos, Alexandre Ferreira"]
[Result "1-0"]
[WhiteElo "2174"]
[BlackElo "2076"]
[Annotator "TA"]
[PlyCount "99"]
[EventDate "2018.11.14"]
[EventType "swiss"]
[EventCountry "BRA"]
[SourceTitle "playchess.com"]
[Source "ChessBase"]
[SourceQuality "1"]

{[%evp 33,99,85,112,99,145,56,36,26,48,42,61,67,68,44,64,0,0,0,152,152,151,145,142,135,132,140,225,220,221,216,216,207,332,137,137,37,129,129,129,129,129,135,213,208,225,211,216,214,215,204,187,137,238,230,300,295,256,171,221,202,29964,29962,29966,12795,29975,29976,29973,29981]} 1. e4 c5 2. Nf3 Nc6 3. d4 cxd4 4. Nxd4 Nf6 5. Nc3 e5 6. Ndb5 d6 7. Bg5 a6 8. Na3 b5 9. Bxf6 gxf6 10. Nd5 f5 11. c3 fxe4 12. Bxb5 axb5 13. Nxb5 Be6 14. Nbc7+ Kd7 {B33: Sicilian: Pelikan and Sveshnikov Variations} 15. Nxa8 Bxd5 16. Qxd5 Qxa8 17. Qxf7+ Ne7 {LiveBook: 6 Games} 18. O-O (18. O-O-O {is interesting.} Qc6 19. Kb1 d5 20. Rhe1 Kc7 21. f3) (18. O-O-O Rg8 19. g3 e3 20. Rhe1 Rg7 21. Qf6 Rg6 22. Qxe5 exf2 {1-0 (44) Hamdouchi,H (2615)-Dorfman,J (2610) France 2003 CBM 095 [Rogozenco,D]}) 18... Qd5 19. Qxd5 (19. Qh5 $16) 19... Nxd5 $14 20. a4 $146 {[%cal Ba2a4,Ba4a5,Ba5a6][%mdl 32]} ({Predecessor:} 20. Rfe1 Nf6 21. c4 Bh6 22. Re2 {0-1 (77) Rosen,W (2199)-Schippan,B (2289) Hattingen 2008}) 20... Bh6 21. a5 Kc6 22. a6 Ra8 23. Ra4 e3 24. fxe3 (24. g3 $14) 24... Bxe3+ $11 25. Kh1 Kb5 $2 ({Black should play} 25... Ra7 $11) 26. Re4 $16 Rxa6 27. c4+ Kc5 28. cxd5 {[%mdl 4096] Endgame KRR-KRB} Bd4 29. Rh4 Bxb2 (29... Ra7 $16) 30. Rxh7 $18 Kxd5 31. g4 {[%cal Bg2g4,Bg4g5][%mdl 32]} e4 32. g5 e3 (32... Ra4 {was called for.} 33. Re7 Be5) 33. Re1 (33. Kg2 $18 {and the rest is easy.}) 33... Ke4 $16 34. Kg2 ({Better is} 34. g6 $16) 34... Be5 {[#]} (34... Bc3 $1 $14 35. Re7+ Be5) 35. Rh4+ $1 Kf5 36. Kf3 Kxg5 37. Rg4+ Kf5 (37... Kh5 $16 38. h3 (38. Rxe3 Bxh2 39. Rg8 Be5 $16) 38... Ra2) 38. h4 $18 ({Much less strong is} 38. Rxe3 $6 Bxh2 39. Rh4 Be5 $16) 38... Ra3 {Hoping for ...e2+!} 39. Rg5+ Kf6 40. Rxe3 Ra4 41. Rg4 Ra7 42. Rd3 Kf5 (42... Ra2 $16 43. Re3 Rh2) 43. Rg5+ Kf6 44. Kg4 Ra4+ 45. Kh5 Rf4 46. Rdg3 Rf5 $2 {[#]} (46... Kf7 $18 47. R3g4 Rf1) 47. Rxf5+ $1 Kxf5 48. Rg5+ Kf4 49. Kg6 Ke4 {[#]} 50. Rxe5+ $1 {[%mdl 512] Precision: White = 47%, Black = 40%.} 1-0

[Event "II Duchamp Open 2018"]
[Site "Rio de Janeiro"]
[Date "2018.11.19"]
[Round "7"]
[White "Lebredo Zaragoitia, Gerardo"]
[Black "Manzi, Luiz Antonio Bardar"]
[Result "1-0"]
[WhiteElo "2139"]
[BlackElo "2047"]
[Annotator "TA"]
[PlyCount "81"]
[EventDate "2018.11.14"]
[EventType "swiss"]
[EventCountry "BRA"]
[SourceTitle "playchess.com"]
[Source "ChessBase"]
[SourceQuality "1"]

{[%evp 26,81,34,33,101,33,27,40,222,145,144,148,125,106,130,117,160,160,234,168,164,168,149,127,190,187,310,207,401,373,374,356,410,229,786,764,955,943,913,689,903,833,831,583,29987,29988,29990,29991,29992,29993,29993,29994,29994,29995,29995,29996,29996,29997]} 1. d4 Nf6 2. c4 e6 3. Nf3 d5 4. Nc3 Be7 5. Bg5 Nbd7 6. e3 h6 7. Bh4 c6 8. Rc1 O-O 9. Bd3 dxc4 10. Bxc4 b5 11. Bd3 a6 12. a4 Bb7 13. O-O Rc8 {D66: Queen's Gambit Declined: Classical: Main Line (7 Rc1 c6 8 Bd3)} 14. Qe2 {LiveBook: 20 Games} Qa5 ({Better is} 14... Nh5 $14) 15. e4 (15. Ne5 $1 $16 {[%cal Re5d7] Nxd7 is the strong threat.} Rfd8 16. f4 (16. axb5 cxb5 17. f4 Qb4 $14)) 15... b4 $14 {White is slightly better.} 16. Nb1 {[%cal Bc3b1,Bb1d2,Bd2c4][%mdl 32] [#] Black must now prevent e5.} e5 $146 (16... Qxa4 $2 17. e5 $18) (16... c5 $14) ({Predecessor:} 16... Rfe8 17. Nbd2 Rcd8 18. Nc4 Qc7 19. e5 Nd5 20. Bxe7 Rxe7 21. Qe4 {1-0 (47) Ruck,R (2572)-Huzman,A (2595) Panormo 2002}) 17. dxe5 Nxe5 18. Nxe5 Qxe5 19. f4 Qc7 20. Nd2 $36 {[%mdl 2048] Keeping Black busy.} Rfe8 21. e5 Nd5 (21... Rcd8 $16 {was necessary.} 22. Nb3 Nd5 23. Bxe7 Nxe7) 22. Bg3 ({Much less strong is} 22. Bxe7 $6 Rxe7 23. Qe4 g6) 22... Rcd8 23. Nc4 Qd7 24. Rcd1 Bc5+ (24... f5 $16 {was called for.} 25. Kh1 g6) 25. Kh1 $18 Qc8 (25... f5 $142 26. Bh4 Be7 27. Bxe7 Rxe7) 26. Qh5 Ne3 $2 (26... a5 27. f5 (27. Nxa5 Ne3 $14) 27... Ba6) 27. Nxe3 Bxe3 28. Bc4 Rf8 {[#]} 29. f5 (29. e6 $142 $1 {[%mdl 512]} Rd5 (29... fxe6 30. Qe5) 30. f5 (30. Rxd5 cxd5 31. exf7+ Rxf7 $16) 30... fxe6 31. Bxd5 cxd5 {[#]} 32. f6 $1 {[%mdl 512]}) 29... Rxd1 $2 (29... c5 30. e6 Qc6 31. exf7+ Kh8) 30. Rxd1 c5 31. e6 Qa8 32. Qe2 Bd4 33. Bd6 fxe6 34. Bxf8 Qxf8 35. Qxe6+ {White mates.} Kh8 36. Re1 h5 37. Qg6 {[%cal Rg6h5]} Bxg2+ 38. Kxg2 {[%cal Rg6h5]} Qa8+ 39. Kg3 {[%cal Rg6h5]} h4+ 40. Kf4 {[%cal Rg6h5]} Qb8+ 41. Kg4 {Accuracy: White = 73%, Black = 23%.} 1-0

[Event "II Duchamp Open 2018"]
[Site "Rio de Janeiro"]
[Date "2018.11.19"]
[Round "7"]
[White "Almeida, Gianluca Jorio"]
[Black "Rodi, Luis Ernesto"]
[Result "0-1"]
[WhiteElo "2109"]
[BlackElo "2327"]
[Annotator "TA"]
[PlyCount "98"]
[EventDate "2018.11.14"]
[EventType "swiss"]
[EventCountry "BRA"]
[SourceTitle "playchess.com"]
[Source "ChessBase"]
[SourceQuality "1"]

{[%evp 11,98,8,28,-38,-31,-42,-47,-43,-10,-8,0,-18,-6,0,18,10,35,16,28,41,42,20,18,32,100,-30,-13,-74,-62,-79,0,-48,0,-52,-69,-126,-136,-233,-164,-158,-162,-443,-476,-839,-133,-241,-212,-347,-99,-91,-74,-95,-86,-229,-235,-237,-216,-833,-818,-883,-852,-811,-689,-1108,-1052,-1272,-873,-822,-846,-1168,-1155,-1129,-1129,-1110,-1093,-4129,-4129,-4129,-4129,-4125,-4116,-4090,-2222,-2532,-2419,-2173,-2101,-2447,-2025]} 1. c4 e6 2. Nf3 d5 3. e3 Nf6 4. Nc3 a6 5. b3 c5 6. Bb2 {A17: English Opening: 1...Nf6 with ...Bb4} Nc6 {LiveBook: 13 Games} 7. Ne2 $146 (7. cxd5 $11 exd5 8. d4) ({Predecessor:} 7. cxd5 exd5 8. Rc1 Bg4 9. h3 Bh5 10. Na4 Nd7 11. Be2 b5 12. Nc3 {1-0 (28) Mamedyarov,S (2801)-Georgiadis,N (2526) Biel 2018}) 7... Bd6 8. Ng3 {Black is slightly better.} O-O 9. a3 e5 10. cxd5 Nxd5 11. Qc2 Re8 12. Bd3 g6 13. h4 Bf8 14. Qb1 f5 15. h5 Bg7 16. hxg6 hxg6 17. Nh4 Qg5 {[#]} (17... Re6 $14) 18. Qc2 ({Better is} 18. e4 $1 $16 {aiming for Bc4.} Nb6 19. exf5) 18... Be6 $11 19. Nhxf5 (19. Rc1 $11 {remains equal.}) 19... gxf5 $17 (19... Bxf5 20. e4 $11) 20. Bxf5 Rad8 (20... Bxf5 $17 21. Nxf5 Re6) 21. O-O-O b5 22. Bxe6+ ({White should play} 22. Bh7+ $11 Kf8 23. Ne4) 22... Rxe6 $15 23. Rh5 (23. Ne4 $15 Qg6 24. Nxc5) 23... Qg6 $17 24. Rf5 {[#]} (24. Qf5 $17) 24... c4 $1 25. bxc4 bxc4 {And now ...Na5 would win.} 26. e4 $2 (26. Rh5) 26... Nf4 $19 27. Qxc4 (27. Kb1 $142 Rb8 28. Ka2) 27... Ne7 $2 (27... Na5 $19 {and Black stays clearly on top.} 28. Qa2 Nd3+ 29. Kc2 Qe8) 28. Bc3 (28. Kb1 $17 {was the only defense.}) 28... Rc8 (28... Nxf5 $2 29. exf5 Qe8 30. fxe6 $18) (28... Nxg2 29. Rg5 $17) 29. Qb3 (29. Qa2 {was forced.}) 29... Nd3+ $2 ({Less strong is} 29... Nxg2 30. Nh5 $17) (29... Nc6 $19 {is more deadly.} 30. Qc4 Qe8) 30. Kc2 $17 {[#]} Nc5 $1 {[%cal Rc5b3,Bd3c5,Bc5b7,Bb7d6,Bd6b5,Bb5d4][%mdl 32]} 31. Qc4 Nb7 $36 {[%mdl 2048] Black is really pushing.} ({Not} 31... Nxf5 $2 32. exf5 Qe8 33. Rh1 $18 (33. fxe6 Nxe6 34. Qa2 Qf7 $16)) 32. Qa4 (32. Qa2 $17 {might work better.}) 32... Nd6 ({Weaker is} 32... Nxf5 33. exf5 Qh7 34. Qd7 $16) 33. Rf3 Nb5 34. Rd3 $2 (34. Kb1) 34... Nd4+ $19 {Black is clearly winning.} 35. Kb2 Rb6+ 36. Bb4 Qe6 37. Rc3 {[#]} a5 $1 {[%cal Ba6a5,Ba5b4,Bb4a3][%mdl 544]} 38. Rdc1 (38. Qxa5 Rxc3) 38... Rxc3 39. dxc3 axb4 40. cxd4 bxa3+ 41. Kc2 Qc6+ 42. Qxc6 Rxc6+ 43. Kd1 Rxc1+ 44. Kxc1 exd4 45. Kb1 d3 46. Nf1 Bc3 47. Ka2 Bb4 48. Ne3 d2 49. Nd1 Nc6 {Precision: White = 22%, Black = 53%.} 0-1

[Event "II Duchamp Open 2018"]
[Site "Rio de Janeiro"]
[Date "2018.11.19"]
[Round "7"]
[White "Souza Neves, Andrey M."]
[Black "Teixeira, Ricardo Da Silva"]
[Result "1-0"]
[WhiteElo "2074"]
[BlackElo "2239"]
[Annotator "TA"]
[PlyCount "85"]
[EventDate "2018.11.14"]
[EventType "swiss"]
[EventCountry "BRA"]
[SourceTitle "playchess.com"]
[Source "ChessBase"]
[SourceQuality "1"]

{[%evp 17,85,17,38,29,22,26,58,54,59,26,39,9,28,-18,-17,-10,0,-5,-1,-14,-5,-5,-5,-43,-33,-48,-49,-46,-46,-98,-39,-39,-39,-45,-46,-27,-43,-107,-97,-104,-100,-306,-285,-238,-61,-973,-866,-769,-487,-495,-473,-475,-471,-471,-471,-466,-465,-738,-637,-731,-394,-893,-706,-4886,-5010,-4727,-2604,-2330,-2161,-993]} 1. d4 e6 2. c4 f5 3. Nc3 Nf6 4. Bg5 Be7 5. Bxf6 Bxf6 6. e4 fxe4 7. Nxe4 d5 8. Nxf6+ Qxf6 9. Nf3 O-O 10. Be2 {A83: Dutch Defence: Staunton Gambit with 3 Nc3 Nf6 4 Bg5} Nc6 11. O-O Kh8 $146 ({Predecessor:} 11... dxc4 12. Rc1 b5 13. b3 Rd8 14. bxc4 Nxd4 15. Nxd4 Rxd4 {1-0 (40) Fier,A (2560)-Toth,C (2366) Rio de Janeiro 2011}) 12. Rc1 {White is slightly better.} Bd7 13. Qd2 Rad8 14. Qc3 Be8 15. Ne5 dxc4 16. Rcd1 b5 17. Bf3 Nxe5 18. dxe5 Qe7 19. Rxd8 Qxd8 20. Rd1 Qg5 21. Qe3 Qxe3 22. fxe3 $15 {[%mdl 4096] Endgame KRB-KRB} Kg8 23. Be4 (23. Rd8 $15) 23... Bg6 (23... a5 $17) 24. Bxg6 hxg6 {KR-KR} 25. Rd7 Rf7 26. Rd8+ Kh7 27. Re8 {[#]} (27. Rb8 $15) 27... Rd7 $1 $17 {[%cal Rd7d2] And now ...Rd2 would win.} 28. Rxe6 Rd2 29. Rc6 $2 (29. Ra6 $17 {was the only chance.}) 29... Rxb2 $19 30. Rxc7 Rxa2 $2 ({Better is} 30... g5 $19 31. a3 Kg6) 31. Rc5 $2 {[%mdl 8192]} (31. e6 $15 Re2 32. e7 Rxe3 33. Rxa7) 31... Kg8 32. h4 a6 33. Kh2 Re2 34. Kg3 Rxe3+ 35. Kf4 Re1 36. g4 Kf7 37. Kg5 (37. Rc7+ $142 Ke8 38. h5 gxh5 39. gxh5) 37... Re4 38. Rc7+ Kg8 39. Rc8+ $2 {[#]} (39. Kxg6 Rxg4+ 40. Kf5 Rxh4 41. Ke6) 39... Kh7 $1 {Black is clearly winning.} 40. Rc5 b4 41. h5 gxh5 42. Kf5 Rxg4 43. e6 {[%mdl 32768] Accuracy: White = 31%, Black = 58%. . Loss on time!?} 1-0

[Event "II Duchamp Open 2018"]
[Site "Rio de Janeiro"]
[Date "2018.11.19"]
[Round "7"]
[White "Ferreira, Kleber Victor"]
[Black "Fucs, Paulo Moses"]
[Result "1/2-1/2"]
[WhiteElo "2053"]
[BlackElo "2016"]
[Annotator "NA"]
[PlyCount "112"]
[EventDate "2018.11.14"]
[EventType "swiss"]
[EventCountry "BRA"]
[SourceTitle "playchess.com"]
[Source "ChessBase"]
[SourceQuality "1"]
[TimeControl "5400+30"]

{[%evp 11,112,34,30,0,32767,32767,33,32767,31,32767,32767,0,0,32767,32767,-21,-4,-14,0,-45,-35,-39,-22,-70,-61,-65,-58,-64,-68,-100,-95,32767,32767,-47,32767,32767,-33,-48,-37,-193,0,-77,-64,-31,32767,32767,32767,32767,-25,-73,-74,-71,0,-9,-11,-18,32767,32767,-41,32767,32767,32767,162,186,200,237,262,282,274,264,479,609,745,264,251,32767,32767,32767,32767,32767,32767,32767,32767,20,32767,32767,32767,32767,32767,54,32767,32767,32767,32767,32767,32767,32767,32767,66,32767,32767,56,56]} 1. e4 {[%emt 0:00:00]} c5 {[%emt 0:00:00]} 2. Nc3 {[%emt 0:00:00]} Nc6 {[%emt 0:01:18]} 3. Bb5 {[%emt 0:00:08]} g6 {[%emt 0:00:46]} 4. Bxc6 {[%emt 0:00:06]} dxc6 {[%emt 0:00:31]} 5. d3 {[%emt 0:00:36]} Bg7 {[%emt 0:00:54]} 6. f4 {[%emt 0:04:37] B23: Closed Sicilian: Lines without g3} c4 {[%emt 0:01:58]} (6... Nf6 7. Nf3 Nd7 8. O-O b6 9. Qe1 Nf8 10. f5 gxf5 11. Nh4 fxe4 12. dxe4 Ng6 13. Nf5 O-O {0-1 (32) Najer,E (2658)-Savchenko,B (2567) Moscow 2015}) 7. Nf3 {[%emt 0:00:11]} cxd3 {[%emt 0:00:24]} 8. cxd3 {[%emt 0:00:03]} Nf6 {[%emt 0:01:40] LiveBook: 5 Games} 9. O-O {[%emt 0:00:15]} O-O {[%emt 0:04:29]} 10. Kh1 {[%emt 0:09:32]} Qa5 $146 {[%emt 0:03:21]} ({Predecessor:} 10... c5 11. Be3 b6 12. Qe2 Bb7 13. Rad1 Qc7 {1-0 (37) Bodnaruk,A (2475)-Maslova,P (2095) Sochi 2016}) 11. Ne5 {[%emt 0:03:07]} Be6 {[%emt 0:05:05]} 12. Qf3 {[%emt 0:08:06]} Rad8 {[%emt 0:01:45]} 13. Be3 {[%emt 0:09:17]} Ne8 {[%emt 0:06:09]} 14. d4 {[%emt 0:04:13]} Nd6 {[%emt 0:02:47]} 15. d5 {[%emt 0:13:51]} cxd5 {[%emt 0:00:43]} 16. exd5 {[%emt 0:00:32]} Bc8 {[%emt 0:05:15]} 17. Qf2 {[%emt 0:01:44]} Nb5 {[%emt 0:09:13]} 18. Nxb5 {[%emt 0:04:33]} Qxb5 {[%emt 0:00:17]} 19. Bxa7 {[%emt 0:00:56]} Rxd5 {[%emt 0:01:33]} 20. Be3 {[%emt 0:00:53]} Bf5 {[%emt 0:10:06]} 21. Bd4 {[%emt 0:05:45]} Rfd8 {[%emt 0:00:52]} 22. Bc3 {[%emt 0:00:13]} e6 {[%emt 0:02:39]} 23. Rfe1 {[%emt 0:03:35]} Qa4 {[%emt 0:13:19]} 24. h3 {[%emt 0:07:05]} h5 {[%emt 0:06:09]} 25. a3 {[%emt 0:01:21]} (25. Qh4 $15) 25... Bh6 $2 {[%emt 0:00:47]} (25... f6 $19 26. Nf3 Qxf4) 26. g4 {[%emt 0:06:19]} (26. Qh4 $1 $11 Bg7 27. Rac1) 26... hxg4 {[%emt 0:03:00]} 27. hxg4 {[%emt 0:00:05]} Bd3 {[%emt 0:02:34]} 28. g5 {[%emt 0:00:29]} Bg7 {[%emt 0:01:12]} 29. Rac1 {[%emt 0:03:00]} Bf5 {[%emt 0:00:38]} 30. Kh2 {[%emt 0:04:57]} Qb3 {[%emt 0:00:45]} 31. Re3 $1 {[%emt 0:02:26] [#]} Qa4 {[%emt 0:01:24]} (31... Rd1 $1 $17 {[%cal Rd1c1]} 32. Rxd1 Rxd1) 32. Kg3 {[%emt 0:00:19]} Rd1 {[%emt 0:02:24]} 33. Rxd1 {[%emt 0:00:19]} Qxd1 {[%emt 0:00:30]} 34. Re1 {[%emt 0:02:06]} Qh5 {[%emt 0:03:28]} 35. Qh2 {[%emt 0:01:47]} Bxe5 {[%emt 0:00:52]} 36. Qxh5 {[%emt 0:00:26]} Bxc3 $2 {[%emt 0:02:02] [#]} (36... Bxf4+ $15 {stays ahead.} 37. Kxf4 gxh5) 37. Qe2 $1 {[%emt 0:03:25]} Rd3+ {[%emt 0:00:29]} 38. Kf2 {[%emt 0:00:52]} Bd4+ {[%emt 0:01:36]} (38... Bxe1+ $142 39. Kxe1 (39. Qxe1 Rb3 $16) 39... b5) 39. Kg2 {[%emt 0:01:04]} Rb3 {[%emt 0:02:21]} 40. Qc4 {[%emt 0:00:56]} Rxb2+ $2 {[%emt 0:00:45]} (40... Rd3 41. Re2 b6) 41. Re2 {[%emt 0:00:05]} Be4+ {[%emt 0:01:30]} 42. Kg3 {[%emt 0:00:08]} (42. Kf1 $142 Rb1+ 43. Re1 Bg2+ 44. Kxg2 Rxe1 45. Qxd4) 42... Bd5 {[%emt 0:01:11]} 43. Qxd4 {[%emt 0:01:17]} Rxe2 {[%emt 0:00:19]} 44. Qf6 {[%emt 0:00:30]} Rg2+ {[%emt 0:00:54]} 45. Kh3 {[%emt 0:00:11]} Ra2 {[%emt 0:00:29]} 46. Qd8+ {[%emt 0:00:17]} Kh7 {[%emt 0:00:36]} 47. Qe7 {[%emt 0:00:59]} e5 {[%emt 0:00:42]} 48. fxe5 {[%emt 0:00:21]} Be6+ {[%emt 0:00:12]} 49. Kg3 {[%emt 0:00:27]} b5 {[%emt 0:00:21]} 50. Kf4 $14 {[%emt 0:00:18]} Rc2 {[%emt 0:00:14]} 51. Ke3 {[%emt 0:00:28]} Rc4 {[%emt 0:00:08]} 52. Kd2 {[%emt 0:00:35]} Rf4 {[%emt 0:00:17]} 53. Ke3 {[%emt 0:00:24]} Ra4 {[%emt 0:00:46]} 54. Qd6 {[%emt 0:00:52]} Rh4 {[%emt 0:00:28]} (54... Rg4 $1 $11) 55. Qe7 {[%emt 0:00:24]} Rh3+ {[%emt 0:00:26]} 56. Kd4 {[%emt 0:00:37]} Rb3 {[%emt 0:00:57]} 1/2-1/2

[Event "II Duchamp Open 2018"]
[Site "Rio de Janeiro"]
[Date "2018.11.19"]
[Round "7"]
[White "Okamura, Milton Kasuo"]
[Black "Moccero, Eduardo"]
[Result "1/2-1/2"]
[WhiteElo "2038"]
[BlackElo "1945"]
[Annotator "NA RC"]
[PlyCount "50"]
[EventDate "2018.11.14"]
[EventType "swiss"]
[EventCountry "BRA"]
[SourceTitle "playchess.com"]
[Source "ChessBase"]
[SourceQuality "1"]
[TimeControl "5400+30"]

{[%evp 8,50,29,23,38,32,32767,32767,16,16,32767,32767,32767,32767,32767,13,27,32767,10,16,49,44,32767,57,80,32,30,41,99,14,35,7,37,32767,32767,32767,32767,32767,32767,32767,32767,32767,32767,-122,-136]} 1. d4 {[%emt 0:13:18]} d5 {[%emt 0:00:23]} 2. c4 {[%emt 0:00:08]} dxc4 {[%emt 0:00:06]} 3. Nf3 {[%emt 0:00:10]} Nf6 {[%emt 0:00:34]} 4. e3 {[%emt 0:00:26]} e6 {[%emt 0:00:19]} 5. Bxc4 {[%emt 0:00:09]} c5 {[%emt 0:00:24]} 6. O-O {[%emt 0:00:17]} a6 {[%emt 0:00:51]} 7. a4 {[%emt 0:00:16]} Nc6 {[%emt 0:01:07]} 8. Nc3 {[%emt 0:00:29]} cxd4 {[%emt 0:01:39]} 9. exd4 {[%emt 0:00:14]} Be7 {[%emt 0:01:57]} 10. d5 {[%emt 0:03:30]} exd5 {[%emt 0:01:25]} 11. Nxd5 {[%emt 0:00:08]} Nxd5 {[%emt 0:01:10]} 12. Bxd5 {[%emt 0:00:05] D27: Queen's Gambit Accepted: Classical main line: 7 e4!? and 7 a4} O-O {[%emt 0:00:43] LiveBook: 6 Games} 13. Qb3 {[%emt 0:00:21]} (13. Be3 Nb4 14. Bb3 Bf5 15. Nd4 Bd3 16. Re1 Bf6 17. Qd2 a5 18. Nb5 Bc2 19. Bc4 Bxb2 20. Rad1 Bxd1 21. Qxb2 Rc8 22. Qc3 Nd5 23. Bxd5 Rxc3 24. Nxc3 Bxa4 25. Ba2 Bc6 {0-1 (25) Lysyj,I (2617)-Naiditsch,A (2697) Mainz 2009}) 13... Qc7 {[%emt 0:08:44]} 14. Be3 {[%emt 0:02:47]} Bf6 $146 {[%emt 0:04:58]} ({Predecessor:} 14... Qd6 15. Rac1 Na5 16. Qa2 Be6 17. Bxe6 Qxe6 18. Qxe6 fxe6 {1-0 (32) Wyder,B (2017)-Gerard,A (1952) ICCF email 2012}) 15. Rac1 {[%emt 0:01:31]} Bg4 {[%emt 0:09:28]} 16. Bb6 {[%emt 0:13:23]} Qd7 {[%emt 0:05:47]} 17. Rfd1 {[%emt 0:01:03]} Qf5 {[%emt 0:06:44]} (17... Be6 $14) 18. Re1 {[%emt 0:04:32]} (18. h3 $16 Bxf3 19. Bxf3) 18... Rac8 {[%emt 0:06:32]} 19. Rcd1 {[%emt 0:14:00]} (19. h3 $5 {[%cal Rh3g4]} Bxf3 20. Bxf3 $16) 19... Qg6 {[%emt 0:06:06]} 20. Be4 {[%emt 0:10:51]} Bf5 {[%emt 0:01:49]} 21. Bxf5 {[%emt 0:00:25]} Qxf5 {[%emt 0:00:09]} 22. Rd5 {[%emt 0:00:23]} Qf4 {[%emt 0:01:24]} 23. Rd7 {[%emt 0:01:14]} Ne5 {[%emt 0:04:31]} 24. Nxe5 {[%emt 0:02:24]} Bxe5 {[%emt 0:00:12]} 25. Qg3 $17 {[%emt 0:08:11] [#]} (25. g3 $14 {is the one way to stay ahead.} Qf6 26. Rxb7) 25... Rc1 $1 {[%emt 0:01:23]} 1/2-1/2